000 00300nam a22001337a 4500
008 171011b xxu||||| |||| 00| 0 eng d
020 _a9780719041808
041 _aeng
080 _a316
100 _a50
101 _aSOC
245 _aFEMINIST SUBJECTS, MULTI-MEDIA
_cFLORENCE,P
942 _2udc
_cBK
999 _c33197
_d33197